Taylor Swift - Lover (All Lyrics) - Statistiques

Statistiques générales
  • Ce quiz a été pris 157 fois
  • Le résultat moyen est 198 sur 261
Statistiques - réponses
Réponse % Correct
A
99%
And
97%
I
96%
Lover
95%
We
94%
You
94%
This
93%
My,
92%
My
92%
The
91%
Be
90%
Ever?
90%
Ever)
90%
Can
87%
For
87%
January
84%
Where
84%
Always
83%
Christmas
83%
Go
83%
Go?
83%
Is
83%
Lights
83%
Me
83%
Our
83%
Take
83%
Your
82%
Close
81%
Forever
81%
(Forever
81%
Make
81%
Leave
79%
Place,
79%
Please
79%
Gentlemen,
77%
Ladies
77%
Rules
77%
‘Til
77%
To
77%
Up
77%
Could
76%
Every
76%
Will
75%
Home
74%
Stand?
73%
You’re
73%
All
71%
On
71%
Of
68%
With
68%
Hand
66%
In
66%
Man
66%
Out,
65%
Friends
63%
I’ll
61%
Want
61%
Let
60%
Save
60%
Living
59%
Room
59%
Guitar
58%
Table,
58%
About
57%
Force
57%
Crash
56%
Have
56%
Magnetic
56%
Seat,
56%
Dear
54%
Jokes
54%
Call
53%
Oh,
53%
There’s
53%
I’m
52%
Way
52%
Who
52%
At
50%
Been
50%
Blue
50%
Dirtiest
50%
I’ve
50%
Loved
50%
Summers
50%
That
50%
Three
50%
Years?
50%
Now,
49%
Scar
49%
Yours
49%
Mysterious
48%
Has
46%
String
46%
Wants
46%
20
45%
Or
45%
Seconds
45%
You’ll
45%
Sees
44%
Suspicious
44%
True
44%
Everyone
43%
Honey,
43%
Known
43%
But
42%
End
42%
Highly
42%
Dazzling
40%
Heart’s
38%
Ah,
37%
Overdramatic
37%
Swear
37%
Haze,
33%
Well
33%
‘Em
31%
Ends
31%
Darling,
30%
Borrowed
29%
All’s
26%
Aucun quiz correspondant
Distribution des résultats
% des personnes avec chaque résultat
Percentile par nombre de réponses
Votre historique - résultats
Vous n’avez pas pris ce quiz